Responses for Show #7414 - Thursday, December 1, 2016

Contestants

[<< previous game]

Asim Modi, an attorney from San Francisco, California

Kylie Carrithers, an intensive English instructor from Terre Haute, Indiana

Justin Bender, a technical engineer from Boulder, Colorado (whose 4-day cash winnings total $62,401)

[next game >>]

Jeopardy! Round responses

U.S. CITY NICKNAMES
CRIMINAL CHOICES
SHAKESPEAREAN SHORTIES
THE TV BUSINESS
CROSSWORD CLUES "G"
THE AGE OF WHALING
(Sarah: From the remarkable living history museum of Mystic Seaport.)
    $200 3
Detroit

Justin
    $200 26
(Alex: Less than a minute to go now.)

a birth certificate

Justin
    $200 10
Macbeth

Kylie
    $200 11
Ewing

Asim
    $200 1
galaxy

Asim
    $200 23
thar she blows

Asim
    $400 7
Las Vegas

Justin
    $400 6
cocaine

Justin
    $400 16
(Kylie: What is man?)

woman

KylieAsim
    $400 15
Smallville

Justin
    $400 2
Gesundheit

Kylie
    $400 27
blubber

Kylie
    $600 8
Louisville

Kylie
    $600 14
judo

Kylie
    $600 20
(Asim: What is A Midsummer's Night's Dream?)

A Midsummer Night's Dream

KylieAsim
    $600 17
the Bada Bing

Kylie
    $600 4
gibberish

Justin
    $600 28
Moby Dick

Kylie
    $800 12
(Asim: What is Atlanta?)
(Justin: What is Athens?)
(Kylie: What's Macon?)

Savannah

JustinKylieAsim
Triple Stumper
    $800 24
bigamy

Justin
    $800 21
(Asim: Who is Prospero?)

Caliban

Asim
Triple Stumper
    $800 18
The Jetsons

Justin
    $800 5
graphology

Kylie
    $800 29
[The end-of-round signal sounds.]

coopers

Justin
    $800 13
St. Augustine

Asim
    $1000 25
(Kylie: What is check fraud?)
(Asim: What is kiting?)

forgery

KylieAsim
Triple Stumper
    $1000 22
Mistress Quickly

Triple Stumper
    $1000 19
Mr. Robot

Justin
    $1000 9
Galatea

Triple Stumper

Scores at the first commercial break (after clue 15):

Justin Kylie Asim
$1,200 $1,800 $400

Scores at the end of the Jeopardy! Round:

Justin Kylie Asim
$4,800 $2,600 -$1,400

Double Jeopardy! Round responses

BUILDING BIG
WE'VE GOT CHEMISTRY
(Alex: Do you?)
JOEL
"ROCK" IT TO ME
WAR!
ALMOST BEFORE & AFTER
    $400 21
the Great Wall of China

Justin
    $400 24
organic and inorganic

Kylie
    $400 6
Billy Joel

Asim
    $400 11
"Rock Around The Clock"

Asim
    $400 1
France

Asim
    $400 16
(Kylie: What is Nat King Cole?)

a lump of Cole Porter

KylieAsim
    $800 22
the Empire State Building

Justin
    $800 25
(Kylie: What's liquid?)

gas

JustinKylie
    $800 7
Joel Osteen

Justin
    $800 12
a rock and a hard place

Justin
    $800 2
the Six-Day War

Asim
    $800 17
"Ferry Cross The Mersey" rule

Triple Stumper
    $1200 23
(Alex: With less than a minute to go now.)

the Chesapeake Bay Bridge

Triple Stumper
    $1200 26
(Justin: What is helium?)

oxygen

JustinAsim
    $2,000 8
(Justin: What is the Reichstag?)

NAACP

Justin
    $1200 13
"Rock Lobster"

Justin
    $1,000 3
Japan

Asim
    $1200 18
pad Thai-breaker

Triple Stumper
    $1600 27
the Rogers Centre

Justin
    $1600 29
[The end-of-round signal sounds.]

rare earth

Justin
    $1600 9
(Joel) Klein

Asim
    $1600 14
(Kylie: What is "Party Rock"?)

"Party Rock Anthem"

JustinKylie
    $1600 4
(Justin: What is Peru?)
(Asim: What is Brazil?)
(Kylie: What is Uruguay?)

Bolivia

JustinKylieAsim
Triple Stumper
    $1600 19
the Wild Katzenjammer Kids

Triple Stumper
    $2000 28
the Petronas Towers

Asim
    $2000 10
Thomas Paine

Triple Stumper
    $2000 15
"Rock And Roll Heaven"

Triple Stumper
    $2000 5
Honduras

Triple Stumper
    $2000 20
the Presidential "Sweet Child O' Mine"

Triple Stumper

Scores at the end of the Double Jeopardy! Round:

Justin Kylie Asim
$9,600 -$1,400 $5,200

[wagering suggestions for these scores]

Final Jeopardy! Round responses

THE DECORATIVE ARTS
AsimWhat is Porcelein
$5,199
JustinWhat is gunpowder?
$801
porcelain

Final scores:

Justin Kylie Asim
$8,799 -$1,400 $10,399
2nd place: $2,000 3rd place: $1,000 New champion: $10,399

Game dynamics:

Coryat scores:

Justin Kylie Asim
$11,600 -$1,400 $5,600
19 R,
4 W
(including 1 DD)
10 R,
7 W
14 R
(including 2 DDs),
5 W

Combined Coryat: $15,800

[game clues] [game scores] [suggest correction]

Game tape date: 2016-08-24
The J! Archive is created by fans, for fans. Scraping, republication, monetization, and malicious use prohibited; this site may use cookies and collect identifying information. See terms. The Jeopardy! game show and all elements thereof, including but not limited to copyright and trademark thereto, are the property of Jeopardy Productions, Inc. and are protected under law. This website is not affiliated with, sponsored by, or operated by Jeopardy Productions, Inc. Join the discussion at JBoard.tv.